000 00846nam a2200277 i 4500
001 54675
003 ES-MaACL
005 20230906163010.0
007 t|
008 030108s2002 sp d ||||0| spa d
020 _a84-206-3000-4
080 _a16(038)
080 _a001:1(038)
100 1 _aMosterín, Jesús.
_983812
245 1 0 _aDiccionario de lógica y filosofía de la ciencia /
_cJesús Mosterín y Roberto Torretti.
260 _aMadrid :
_bAlianza Editorial,
_c[2002]
300 _a670 p ;
_c24 cm.
490 1 _aAlianza diccionarios
504 _aBibliografía: p. [613]-635.
650 4 _aLógica-
_vDiccionarios.
_914694
650 4 _aCiencia-
_xFilosofía-
_vDiccionarios.
_910951
700 1 _aTorretti, Roberto.
_9111036
830 1 _aAlianza diccionarios
_9177801
852 4 _aES-MaACL
_jL-26775
999 _c54675
_d54675